Logo BPK

Bibliografia Prac Pracowników

Politechniki Koszalińskiej

Of promises delivered and failed : (Rekord nr 9349)

Szczegóły MARC
000 -ETYKIETA REKORDU
podpole kontrolne o stałej długości 00702naa a22001457i 4500
001 - NUMER KONTROLNY REKORDU
podpole kontrolne 9349
003 - IDENTYFIKATOR NUMERU KONTROLNEGO REKORDU
podpole kontrolne KOSZ 005
005 - DATA OSTATNIEJ MODYFIKACJI REKORDU
podpole kontrolne 20180326141157.0
008 - POLE O STAŁEJ DŁUGOŚCI - DANE KONTROLNE
podpole kontrolne o stałej długości 180326s2015 pl ||||f |||| 00| 0 eng
040 ## - ŹRÓDŁO KATALOGOWANIA
Instytucja, która sporządziła opis KOSZ 005/AR
Instytucja, która utworzyła rekord KOSZ 005/AR
100 1# - NAZWA OSOBOWA
Nazwa osobowa GASZTOLD, Brygida.
Instytucja Politechnika Koszalińska - Instytut Neofilologii i Komunikacji Społecznej,
Wydział Zakład Filologii Angielskiej
Lata pracy 1993 - .
245 10 - TYTUŁ/ODPOWIEDZIALNOŚĆ
Tytuł Of promises delivered and failed :
Pozostałe elementy strefy tytułu i oznaczenia odpowiedzialności Brygida Gasztold.
Ciąg dalszy tytułu post 9/11 America through the eyes of "The reluctant fundamentalist" by Moshin Hamid /
773 0# - TYTUŁ DOKUMENTU MACIERZYSTEGO
Wyrażenie wprowadzające W :
Tytuł Ad Americam : journal of American Studies. -
Adres wydawniczy Kraków : Księgarnia Akademicka Sp. z o. o. -
Informacje dotyczące relacji 2015, 16, s. 17-28
ISSN 1896-9461
942 ## - HASŁO DODATKOWE - ELEMENTY(KOHA)
Schemat klasyfikacji Uniwersalna klasyfikacja dziesiętna
Typ dokumentu Po 2012

Brak dostępnych egzemplarzy.

© 2014 Biblioteka Politechniki Koszalińskiej :: BIBLIOGRAFIA PRAC PRACOWNIKÓW